Industrial oil fat products /

Guardado en:
Detalles Bibliográficos
Autor principal: Bailey, Alton E. (autor)
Formato: Libro
Idioma:Español
Publicado: Nueva York, EUA : Interscience, 1951
Temas:
Etiquetas: Agrega una etiqueta
Sin etiquetas, Sé el primero en etiquetar este registro!

MARC

LEADER 00000nam^a2200000^a^4500
001 000012158
005 20250521000000.0
009 20260310083812.391
037 |a Acervo ITESO - Biblioteca 
041 |a ESP 
082 |a 665. 2  |b BAI 
100 |a Bailey, Alton E.  |e (autor) 
245 1 0 |a Industrial oil fat products /  |c A.E. Bailey. 
264 1 |a Nueva York, EUA :  |b Interscience,  |c 1951 
300 |a 967 p. 
336 |a texto  |b txt  |2 rdacontenido 
337 |a sin mediación  |b n  |2 rdamedio 
338 |a volumen  |b nc  |2 rdasoporte 
649 |a XX 
650 |a Industria Aceitera 
650 |a Ingeniería Química 
650 |a Industria Química 
910 |a Fondo General 
920 |a Impresos - Libros 
930 |a Colección General 
905 |a 101 
901 |a 0121580100  |b IT1  |c ACC  |i 012158  |u 20250521 
902 |a https://opac.biblio.iteso.mx/vufind/Record/000012158